Návrh koncepcie predložený ministrom vnútra a schválený vládou SR 14. mája

Frekventovanosť výkonu štátnej správy. Finančné a personálne zabezpečenie činností. Finančné zabezpečenie činností. Personálne zabezpečenie činností. Pokrač.

Guardado en:
Detalles Bibliográficos
Formato: Capítulo de libro
Lenguaje:eslovaco
Materias:
Etiquetas: Agregar Etiqueta
Sin Etiquetas, Sea el primero en etiquetar este registro!

MARC

LEADER 00000naa$a2200000$$$4500
001 0004637
005 20230927091844.0
041 0 |a slo 
044 |a SK 
245 1 0 |a Návrh koncepcie predložený ministrom vnútra a schválený vládou SR 14. mája 
520 |a Frekventovanosť výkonu štátnej správy. Finančné a personálne zabezpečenie činností. Finančné zabezpečenie činností. Personálne zabezpečenie činností. Pokrač. 
610 2 0 |a správa štátna 
610 2 0 |a financovanie 
610 2 0 |a zabezpečenie personálne